00961nam a22001937a 4500003000200000005001700002008004100019020002200060050002300082100002400105245007600129260004900205300004700254500009000301520017900391650008600570650005400656650005700710020251023090259.0251023b xxu||||| |||| 00| 0 eng d a978-0-2416-8038-4 aPE 1128b.E54 2024 aDK (Firm),eauthor. aEnglish for everyone :$b $c DK.bpractice book, level 2 beginner /cDK. aLondon :bDorling Kindersley Limited,c2024. a184 pages :bcolor illustrations ;c24 cm. aIncludes answer key. Companion to English for Everyone: Course Book Level 2 Beginner. aA self-study workbook with visual exercises and answer keys designed to help learners practice grammar, vocabulary, and communication skills in English at the beginner level. aEnglish languagexStudy and teachingxForeign speakersvProblems, exercises, etc. aEnglish languagexTextbooks for foreign speakers. aEnglish languagexGrammarvProblems, exercises, etc.